00839nam a22001457a 4500003000900000005001700009008004100026040001300067245004300080250001200123260003200135300002000167490000600187520050000193IT-RoPau20220918175942.0130218b xxu||||| |||| 00| 0 eng d cIT-RoPau aPellegrinaggio: i luoghi delle origini aI° ed. aRomabFSPcs.d. (Post 1999) a61 p.c20, 5 cm vI aIndice Alba: Casa Madre delle Figlie di San Paolo Luoghi dell' "infanzia e della gioventù" di Don Giacomo Alberione Vita e sviluppo della Famiglia Paolina Casa Madre della Società San Paolo e prima sede della Famiglia Paolina Sulle orme di Maestra Tecla Liturgia e canti Celebrazioni delle Lodi Messa votiva del Divin Maestro Preghiere Celebrazioni dei Vespri Canti Foglietto allegato: Pellegrinaggio ad Alba - 6 - 9 aprile 1990 Itinerario Pellegrinaggio ad Alba - 6 - 9 aprile 1990 Noter